Central Library OPAC University of Rajshahi

An approach to Shakespeare 1 Henry VI to Twelfth night / (Record no. 55805)

MARC details
000 -LEADER
fixed length control field 00853nam a2200253 a 4500
001 - CONTROL NUMBER
control field 55805
003 - CONTROL NUMBER IDENTIFIER
rucl marc code BD-RjUL
005 - DATE AND TIME OF LATEST TRANSACTION
control field 20211209080321.0
008 - FIXED-LENGTH DATA ELEMENTS--GENERAL INFORMATION
fixed length control field 161122r19681938nyu b 001 0 eng
035 ## - SYSTEM CONTROL NUMBER
System control number (BD-RjUL)55929)
040 ## - CATALOGING SOURCE
Original cataloging agency DLC
Transcribing agency DLC
Modifying agency BD-RjUL
Language of cataloging eng
041 ## - LANGUAGE CODE
Language code of text/sound track or separate title eng
082 00 - DEWEY DECIMAL CLASSIFICATION NUMBER
Classification number 822.33
Edition number 23
Author mark and year TRA 1968
100 1# - MAIN ENTRY--PERSONAL NAME
Personal name Traversi, Derek Antona,
Dates associated with a name 1912-
9 (RLIN) 166162
245 13 - TITLE STATEMENT
Title An approach to Shakespeare 1 Henry VI to Twelfth night /
Statement of responsibility, etc. [by] D. A. Traversi.
250 ## - EDITION STATEMENT
Edition statement 3d ed., rev. and expanded.
260 ## - PUBLICATION, DISTRIBUTION, ETC. (IMPRINT)
Place of publication, distribution, etc. London :
Name of publisher, distributor, etc. Anchor Books,
Date of publication, distribution, etc. 1968
300 ## - PHYSICAL DESCRIPTION
Pagination v. :
Size 18 cm.
350 ## - PRICE (NR) (BK AM CF MU VM SE) [OBSOLETE]
Price 1.75 (pbk)
504 ## - BIBLIOGRAPHY, ETC. NOTE
Bibliography, etc Bibliographical references included in "Notes" (p. [350]-363)
505 1# - FORMATTED CONTENTS NOTE
Formatted contents note V. 2. From Henry VI to Twelfth night.-- V. 1 --
600 10 - SUBJECT ADDED ENTRY--PERSONAL NAME
Personal name Shakespeare, William,
Dates associated with a name 1564-1616
General subdivision Criticism and interpretation.
942 ## - ADDED ENTRY ELEMENTS (KOHA)
Source of classification or shelving scheme Dewey Decimal Classification
Koha item type Books
Holdings
Lost status Source of classification or shelving scheme Damaged status Not for loan Collection code Permanent Location Current Location Shelving location Date acquired Source of acquisition Cost, normal purchase price Total Checkouts Full call number Date last seen Copy number Koha item type
  Dewey Decimal Classification     Non-fiction Central Library, University of Rajshahi Central Library, University of Rajshahi   07/05/1979 W. Heffer and sons 3.50   822.33 TRA V-2 1968 22/11/2016 C-2 Books
  Dewey Decimal Classification   Not For Loan Non-fiction Central Library, University of Rajshahi Central Library, University of Rajshahi Reading Room 06/03/1973 Black well 2.10   822.33 TRA V-1 1968 29/01/2017 C-1 Books